000 00590nam a2200169 a 4500
001 000023635
005 20200930022351.0
008 101216s1991 ho c r 000 0 spa d
040 _aDO-SdBNP
_bspa
_cBNPHU
082 _annnn
_bR563e
100 1 _aRietti, Mario,
_933294
245 1 0 _aEstrategias exitosas de desarrollo de la República de China en Taiwan /
_cMario Rietti.
260 _aHonduras :
_bConsultores Financieros Internacionales,
_c1991.
300 _a242 p. :
_bretrs. ;
_c21 cm.
504 _aIncluye referencias bibliográficas y notas al pie de las páginas.
049 _aBNGR
999 _c23131
_d23131